Compendium of the world's languages. V.2 : Ladakhi to Zuni /
Bewaard in:
| Hoofdauteur: | |
|---|---|
| Formaat: | Boek |
| Taal: | English |
| Gepubliceerd in: |
London ; New York :
Routledge,
2000.
|
| Editie: | 2nd ed. |
| Onderwerpen: | |
| Tags: |
Voeg label toe
Geen labels, Wees de eerste die dit record labelt!
|
| Thư viện lưu trữ: | Mạng thư viện Đại học Đà Nẵng |
|---|
| LEADER | 00848cam a2200325 i 4500 | ||
|---|---|---|---|
| 001 | 000049508 | ||
| 003 | 9258 | ||
| 005 | 20051006161758.0 | ||
| 008 | 010322b2000 vm 000 eng | ||
| 020 | |a 0415202973 | ||
| 040 | |a IRC |c IRC |d IRC | ||
| 041 | 0 | |a eng | |
| 082 | 1 | 4 | |a 403 |b CA-G |
| 100 | 1 | |a Campbell, George L. | |
| 245 | 0 | 0 | |a Compendium of the world's languages. |n V.2 : |p Ladakhi to Zuni / |c George L. Campbell. |
| 250 | |a 2nd ed. | ||
| 260 | |a London ; New York : |b Routledge, |c 2000. | ||
| 300 | |a 2 v. (xxvi, 1854 p.). ; |c 24cm. | ||
| 630 | 0 | 4 | |a Languages. |
| 650 | 0 | 4 | |a Language and languages. |
| OWN | |a DUT | ||
| 999 | |a From the UDN01 | ||
| TYP | |a Monograph | ||
| TYP | |a Printed language | ||
| 980 | |a Mạng thư viện Đại học Đà Nẵng | ||


